Súčasnosť cestovného ruchu v trajektórii budúcnosti

Gespeichert in:
Bibliographische Detailangaben
1. Verfasser: Novacká, Ľudmila, 1953-
Weitere Verfasser: Štefko, Róbert, Škodová Parmová, Dagmar
Format: Buch
Sprache:Slowakisch
Englisch
Veröffentlicht: Zlín Radim Bačuvčík - VeRBuM 2020
Ausgabe:1. vydání
Schlagworte:
Tags: Tag hinzufügen
Keine Tags, Fügen Sie das erste Tag hinzu!

MARC

LEADER 00000nam a2200000 4500
001 0271578
005 20240822101715.9
020 |a 978-80-88356-05-9 
041 0 |a slo 
041 0 |a eng 
245 1 0 |a Súčasnosť cestovného ruchu v trajektórii budúcnosti  |c Ľudmila Novacká a kolektív ; vedecká recenzia: Róbert Štefko, Dagmar Škodová Parmová 
250 |a 1. vydání 
264 1 |a Zlín  |b Radim Bačuvčík - VeRBuM  |c 2020 
300 |a 370 s. 
610 2 0 |a ruch cestovný 
610 2 0 |a inovácia 
610 2 0 |a kríza 
610 2 0 |a doprava letecká 
610 2 0 |a zamestnanosť 
100 1 |a Novacká, Ľudmila, 1953- 
700 1 |a Štefko, Róbert 
700 1 |a Škodová Parmová, Dagmar